00454nam a2200157Ia 4500003000400000008004100004040001600045082001300061100002000074245009300094260003400187300001000221650003100231650001900262650001500281GCL140319s9999 xx 000 0 eng d aGCL / cGCL04a191bG E1 aGORDON, LEWIS R10aEXISTENCE IN BLACK: AN ANTHOLOGY OF THE BLACK EXISTENTIAL PHILOSOPHY / cGORDON, LEWIS R a[S.N] : bROUTLEDGE ، c1997 a328 P04aAFRO - AMERICAN PHILOSOPHY04aEXISTENTIALISM04aPHILOSOPHY